header

Kitchenspace (Record no. 7006)

MARC details
000 -LEADER
fixed length control field 02360nam a2200433 a 4500
001 - CONTROL NUMBER
control field ebr10273751
003 - CONTROL NUMBER IDENTIFIER
control field CaPaEBR
006 - FIXED-LENGTH DATA ELEMENTS--ADDITIONAL MATERIAL CHARACTERISTICS--GENERAL INFORMATION
fixed length control field m u
007 - PHYSICAL DESCRIPTION FIXED FIELD--GENERAL INFORMATION
fixed length control field cr cn|||||||||
008 - FIXED-LENGTH DATA ELEMENTS--GENERAL INFORMATION
fixed length control field 070920s2008 txuab sb s001 0 eng
010 ## - LIBRARY OF CONGRESS CONTROL NUMBER
Canceled/invalid LC control number 2007038703
015 ## - NATIONAL BIBLIOGRAPHY NUMBER
National bibliography number GBA880094
Source bnb
016 7# - NATIONAL BIBLIOGRAPHIC AGENCY CONTROL NUMBER
Canceled or invalid record control number 014651775
Source Uk
020 ## - INTERNATIONAL STANDARD BOOK NUMBER
Cancelled/invalid ISBN 9780292717947 (alk. paper)
Cancelled/invalid ISBN 0292717946 (alk. paper)
040 ## - CATALOGING SOURCE
Original cataloging agency CaPaEBR
Transcribing agency CaPaEBR
035 ## - SYSTEM CONTROL NUMBER
System control number (OCoLC)309886285
043 ## - GEOGRAPHIC AREA CODE
Geographic area code n-mx---
050 14 - LIBRARY OF CONGRESS CALL NUMBER
Classification number GT4814.A2
Item number C47 2008eb
082 04 - DEWEY DECIMAL CLASSIFICATION NUMBER
Classification number 394.1/20972
Edition number 22
100 1# - MAIN ENTRY--PERSONAL NAME
Personal name Christie, Maria Elisa.
245 10 - TITLE STATEMENT
Title Kitchenspace
Medium [electronic resource] :
Remainder of title women, fiestas, and everyday life in central Mexico /
Statement of responsibility, etc Maria Elisa Christie ; foreword by Mary Weismantel.
250 ## - EDITION STATEMENT
Edition statement 1st ed.
260 ## - PUBLICATION, DISTRIBUTION, ETC. (IMPRINT)
Place of publication, distribution, etc Austin :
Name of publisher, distributor, etc University of Texas Press,
Date of publication, distribution, etc 2008.
300 ## - PHYSICAL DESCRIPTION
Extent xxiv, 308 p. :
Other physical details ill., map.
490 1# - SERIES STATEMENT
Series statement Joe R. and Teresa Lozano Long series in Latin American and Latino art and culture
504 ## - BIBLIOGRAPHY, ETC. NOTE
Bibliography, etc Includes bibliographical references (p. [283]-294) and index.
505 0# - FORMATTED CONTENTS NOTE
Formatted contents note Foreword: At the kitchen table / Mary Weismantel -- Preface -- Acknowledgments -- A taste of three places -- Introduction -- Points of departure -- Women of the circle -- Xochimilco: "Short on days to celebrate our fiestas" -- Ocotepec: "Not letting the city eat this town up" -- Tetecala: "Here mangos used to be like gold" -- Kitchenspace narratives -- Women of Tetecala: "You have to be ingenious in the kitchen!" -- Women of Xochimilco: "It is better for the pots to awaken upside down" -- Women of Ocotepec: "We used to have a lot of pigs" -- Food for thought -- Notes -- Glossary -- Bibliography -- Index.
533 ## - REPRODUCTION NOTE
Type of reproduction Electronic reproduction.
Place of reproduction Palo Alto, Calif. :
Agency responsible for reproduction ebrary,
Date of reproduction 2013.
Note about reproduction Available via World Wide Web.
-- Access may be limited to ebrary affiliated libraries.
650 #0 - SUBJECT ADDED ENTRY--TOPICAL TERM
Topical term or geographic name as entry element Fasts and feasts
Geographic subdivision Mexico.
Topical term or geographic name as entry element Kitchens
Geographic subdivision Mexico.
Topical term or geographic name as entry element Social networks
Geographic subdivision Mexico.
Topical term or geographic name as entry element Women
Geographic subdivision Mexico
General subdivision Social conditions.
651 #0 - SUBJECT ADDED ENTRY--GEOGRAPHIC NAME
Geographic name Mexico
General subdivision Social life and customs.
655 #7 - INDEX TERM--GENRE/FORM
Genre/form data or focus term Electronic books.
Source of term local
710 2# - ADDED ENTRY--CORPORATE NAME
Corporate name or jurisdiction name as entry element ebrary, Inc.
830 #0 - SERIES ADDED ENTRY--UNIFORM TITLE
Uniform title Joe R. and Teresa Lozano Long series in Latin American and Latino art and culture.
856 40 - ELECTRONIC LOCATION AND ACCESS
Uniform Resource Identifier <a href="http://site.ebrary.com/lib/rucke/Doc?id=10273751">http://site.ebrary.com/lib/rucke/Doc?id=10273751</a>
Public note An electronic book accessible through the World Wide Web; click to view

No items available.

© 2026 Rongo University
Contact us: librarian | system librarian | Rongo university